Statistics for NBA All-Northwest Division Team

Click here to take the quiz!

General Stats

  • This quiz has been taken 16 times
  • The average score is 10 of 15

Answer Stats

RosterPositionAnswerNBA Team% Correct
StarterSmall ForwardKevin DurantOklahoma City Thunder
100%
StarterPoint GuardRussell WestbrookOklahoma City Thunder
100%
StarterShooting GuardDamian LillardPortland Trailblazers*
86%
StarterCenterKarl-Anthony TownsMinnesota Timberwolves
86%
3rd StringCenterRudy GobertUtah Jazz
79%
BackupSmall ForwardGordon HaywardUtah Jazz
71%
BackupShooting GuardAndrew WigginsMinnesota Timberwolves
64%
BackupPoint GuardCJ McCollumPortland Trailblazers*
64%
BackupCenterEnes KanterOklahoma City Thunder
64%
3rd StringPower ForwardKenneth FariedDenver Nuggets
64%
StarterPower ForwardDerrick FavorsUtah Jazz
57%
BackupPower ForwardSerge IbakaOklahoma City Thunder
57%
3rd StringPoint GuardZach LaVineMinnesota Timberwolves
50%
3rd StringShooting GuardEmmanuel MudiayDenver Nuggets*
43%
3rd StringSmall ForwardWill BartonDenver Nuggets
21%

Score Distribution

Percentile by Number Answered

Percent of People with Each Score

Your Score History

You have not taken this quiz